| 000 | 01233nam a2200325 a 4500 | ||
|---|---|---|---|
| 001 | BRCA_220 | ||
| 005 | 20190320202925.0 | ||
| 008 | 970219m19961997mx-a---###---#000-0#spa-# | ||
| 020 | _a9687193123 (v. 1) | ||
| 020 | _a9687193131 (v. 2) | ||
| 020 | _a968719314X | ||
| 040 |
_aDLC _cDLC _dDLC |
||
| 041 | _aspaeng | ||
| 050 | 4 |
_aF1386 _b.L66 1996 |
|
| 100 | 1 |
_aLombardo de Ruíz, Sonia _9759 |
|
| 245 | 1 | 0 |
_aAtlas histórico de la Ciudad de México _cSonia Lombardo de Ruíz, con la colaboración de Yolanda Terán Trillo ; editor, Mario de la Torre. |
| 260 |
_aMéxico _bSmurfit Cartón y Papel de México _cc1996-1997 |
||
| 300 |
_a1 atlas (2 v.) _bil. a color, mapas _c32 cm. |
||
| 500 | _aIncluye reproducciones reducidas de mapas, planes, opiniónes e impresiones, con el texto descriptivo en las páginas | ||
| 500 | _aIncluye índice de autores | ||
| 504 | _aBibliografía: p. 512-514 | ||
| 546 | _aTexto en : español e inglés | ||
| 650 | 1 | 4 |
_aCartografía _xHistoria _zMéxico _9760 |
| 651 | 4 |
_aCiudad de México _vMapas _xHistoria _9761 |
|
| 651 | 4 |
_aCiudad de México _xGeografía histórica _9762 |
|
| 700 | 1 |
_aTerán Trillo, Yolanda _9763 |
|
| 700 | 1 |
_aTorre, Mario de la _9657 |
|
| 902 | _aREF | ||
| 942 |
_2lcc _cB |
||
| 999 |
_c180 _d180 |
||